00601nam a2200205Ia 4500008004100000050001200041050001600053100003400069245006000103245003200163260003100195260001000226260001000236300001600246300002000262300001100282500005600293521002700349999001900376170504s9999 xx 000 0 und d aTS 155  b.Ag283 2016 aAguinaldo, Carlo John Dennis. aOnline enrollment and grading system for seed academy / cCarl John Dennis Aguinaldo. aLas Piñas, Philippines : bSISC, c2016. a153 pages : billustrations ; c28 cm. aIncludes bibliographical references and appendices. aInformation Technology c329769d329769